[Event "Villa Guardia Coppa D'Oro 29th"]
[Site "Villa Guardia"]
[Date "2011.11.01"]
[Round "5"]
[White "Falchi, Claudio"]
[Black "Grassetto, Gilberto"]
[Result "1-0"]
[WhiteElo "1742"]
[BlackElo "1868"]
[PlyCount "109"]
[EventDate "2011.10.30"]
[EventType "swiss"]
[EventRounds "6"]
[EventCountry "ITA"]
[SourceTitle "EXT 2024"]
[Source "ChessBase"]
[SourceDate "2023.10.10"]
[SourceVersion "1"]
[SourceVersionDate "2023.10.10"]
[SourceQuality "1"]

1. e4 c5 2. Nc3 d6 3. g3 Nf6 4. Bg2 e6 5. d3 a6 6. f4 Nc6 7. Nf3 Qc7 8. 0-0 Be7 9. h3 b5 10. g4 Bb7 11. f5 exf5 12. g5 Nh5 13. Nd5 Qd8 14. Nh2 g6 15. exf5 Bxg5 16. Bxg5 Qxg5 17. Nc7+ Kd7 18. Nxa8 Bxa8 19. Qg4 Qe3+ 20. Rf2 Ne5 21. Qe2 Qxe2 22. Rxe2 Bxg2 23. Rxg2 Nf4 24. Rd2 Nxh3+ 25. Kg2 Nf4+ 26. Kg3 g5 27. Nf3 Nxf3 28. Kxf3 h5 29. a4 f6 30. axb5 axb5 31. Ra7+ Kc6 32. c4 h4 33. Ra6+ Kd7 34. cxb5 h3 35. Ra7+ Kc8 36. Ra8+ Kb7 37. Rxh8 Kb6 38. Rb8+ Kc7 39. Ra8 h2 40. Rxh2 Nxd3 41. Rh7+ Kb6 42. Rb8+ Ka5 43. b6 Ne5+ 44. Ke2 Nc6 45. Ra7+ Kb5 46. Rba8 Kxb6 47. Ra6+ Kb5 48. Rxc6 Kxc6 49. Rf8 Kd5 50. Rxf6 Ke5 51. Rf8 d5 52. f6 d4 53. f7 Kf6 54. Rg8 Kxf7 55. Rxg5 1-0

[Event "Villa Guardia Coppa d'Oro 27th"]
[Site "Villa Guardia"]
[Date "2009.10.24"]
[Round "4"]
[White "Grassetto, Gilberto"]
[Black "Cervini, Gian Piero"]
[Result "1-0"]
[WhiteElo "1881"]
[BlackElo "1767"]
[PlyCount "43"]
[EventDate "2009.10.09"]
[EventType "swiss"]
[EventRounds "8"]
[EventCountry "ITA"]
[SourceTitle "EXT 2024"]
[Source "ChessBase"]
[SourceDate "2023.10.10"]
[SourceVersion "1"]
[SourceVersionDate "2023.10.10"]
[SourceQuality "1"]

1. d4 Nf6 2. c4 g6 3. Nc3 Bg7 4. e4 d6 5. f3 0-0 6. Be3 Nbd7 7. Nh3 c5 8. d5 e6 9. dxe6 fxe6 10. Qd2 Ne5 11. 0-0-0 Ne8 12. Bxc5 Nf7 13. Be3 Qa5 14. Kb1 Bd7 15. Nf2 a6 16. Ne2 Qc7 17. h4 Qxc4 18. h5 d5 19. hxg6 hxg6 20. Nf4 Qa4 21. Nxg6 Nf6 22. Ne7# 1-0

[Event "Como Province-ch"]
[Site "Como"]
[Date "2009.01.25"]
[Round "2"]
[White "Grassetto, Gilberto"]
[Black "Ghelfi, Giancarlo"]
[Result "1-0"]
[WhiteElo "1892"]
[BlackElo "1717"]
[PlyCount "61"]
[EventDate "2009.01.24"]
[EventType "swiss"]
[EventRounds "6"]
[EventCountry "ITA"]
[SourceTitle "EXT 2011"]
[Source "ChessBase"]
[SourceDate "2010.11.26"]
[SourceVersion "1"]
[SourceVersionDate "2010.11.26"]
[SourceQuality "1"]

1. d4 Nf6 2. c4 g6 3. Nc3 Bg7 4. e4 d6 5. f3 0-0 6. Be3 c5 7. d5 Nbd7 8. Nh3 h6 9. Qd2 e5 10. Bxh6 Nxe4 11. Nxe4 Qh4+ 12. Nhf2 Qxh6 13. Qxh6 Bxh6 14. Nxd6 a6 15. Be2 Be3 16. 0-0 Bd4 17. Rab1 Nf6 18. Kh1 Kg7 19. Nxc8 Raxc8 20. b4 b6 21. bxc5 bxc5 22. Rb6 Rh8 23. Ne4 Nh5 24. g3 f5 25. g4 Nf4 26. Ng3 Rh3 27. gxf5 Rch8 28. f6+ Kf7 29. Rb7+ Kxf6 30. Ne4+ Kf5 31. Rf7# 1-0

[Event "Lugano op"]
[Site "Lugano"]
[Date "2007.11.18"]
[Round "5.18"]
[White "Marcis, Daniele"]
[Black "Grassetto, Gilberto"]
[Result "0-1"]
[WhiteElo "1849"]
[BlackElo "1923"]
[PlyCount "88"]
[EventDate "2007.11.16"]
[EventType "swiss"]
[EventRounds "5"]
[EventCountry "SUI"]
[SourceTitle "CBM 121 Extra"]
[Source "ChessBase"]
[SourceDate "2008.01.10"]
[SourceVersion "1"]
[SourceVersionDate "2008.01.10"]
[SourceQuality "1"]

1. e4 c5 2. d4 cxd4 3. c3 dxc3 4. Nxc3 e6 5. Nf3 a6 6. Bf4 Nc6 7. a4 Nge7 8. Bd6 g6 9. Bc4 Bg7 10. e5 0-0 11. 0-0 Re8 12. Re1 Nf5 13. Rc1 Nxd6 14. Qxd6 Bf8 15. Qd1 d5 16. exd6 Qxd6 17. Ne4 Qe7 18. Qe2 Rd8 19. h4 Nd4 20. Nxd4 Rxd4 21. h5 Rd8 22. Qf3 Bg7 23. b3 Bd7 24. Rcd1 Bc6 25. hxg6 hxg6 26. Qf4 Rxd1 27. Rxd1 Rd8 28. Rxd8+ Qxd8 29. Nd6 Qc7 30. Qg3 Bf8 31. Ne4 Qxg3 32. Nxg3 Bd6 33. Kh2 Kf8 34. Kh3 Bxg3 35. Kxg3 Ke7 36. f3 Kd6 37. Kf4 Bd5 38. Bxd5 exd5 39. b4 a5 40. bxa5 Kc5 41. a6 bxa6 42. a5 Kb5 43. Ke5 Kxa5 44. Kxd5 Kb4 0-1

[Event "Villa Guardia D Oro Cup 25th"]
[Site "Villa Guardia"]
[Date "2007.10.26"]
[Round "4"]
[White "Grassetto, Gilberto"]
[Black "Larghi, Riccardo"]
[Result "0-1"]
[WhiteElo "1923"]
[BlackElo "1921"]
[PlyCount "90"]
[EventDate "2007.10.05"]
[EventType "swiss"]
[EventRounds "7"]
[EventCountry "ITA"]
[SourceTitle "EXT 2010"]
[Source "ChessBase"]
[SourceDate "2010.11.25"]
[SourceVersion "1"]
[SourceVersionDate "2010.11.25"]
[SourceQuality "1"]

1. d4 Nf6 2. c4 e6 3. Nf3 b6 4. e3 Bb7 5. Nbd2 Bb4 6. a3 Bxd2+ 7. Nxd2 0-0 8. b4 c5 9. Bb2 cxd4 10. exd4 d6 11. Qc2 Nbd7 12. Bd3 Qe7 13. 0-0 Rfc8 14. Rae1 a5 15. Qb1 Qd8 16. f4 axb4 17. axb4 Ra4 18. b5 d5 19. cxd5 Bxd5 20. f5 Qc7 21. h3 Qg3 22. Re2 Ba2 23. Rf3 Qxf3 24. Nxf3 Bxb1 25. Bxb1 Nd5 26. fxe6 fxe6 27. Kh2 N7f6 28. Rxe6 Rb4 29. Re2 Nc3 30. Bxc3 Rxb1 31. Be1 Rxb5 32. Bg3 Nd5 33. Re6 h6 34. h4 Rd8 35. Rc6 Rb2 36. h5 Ne3 37. Nh4 Nf1+ 38. Kh3 Rb3 39. Nf5 Nxg3 40. Nxg3 Rxd4 41. Rg6 Rdd3 42. Kh2 Rxg3 43. Rxg3 Rxg3 44. Kxg3 Kf7 45. Kf4 Kf6 0-1

[Event "Como op"]
[Site "Como"]
[Date "2007.05.04"]
[Round "4"]
[White "Vaghi, Cornelio"]
[Black "Grassetto, Gilberto"]
[Result "0-1"]
[WhiteElo "1461"]
[BlackElo "1933"]
[PlyCount "72"]
[EventDate "2007.04.13"]
[EventType "swiss"]
[EventRounds "7"]
[EventCountry "ITA"]
[SourceTitle "EXT 2010"]
[Source "ChessBase"]
[SourceDate "2010.11.25"]
[SourceVersion "1"]
[SourceVersionDate "2010.11.25"]
[SourceQuality "1"]

1. e4 c5 2. Nf3 d6 3. d4 cxd4 4. Nxd4 a6 5. c3 Nf6 6. h3 Nxe4 7. Qc2 Nf6 8. Bd3 Nbd7 9. 0-0 Qc7 10. Nd2 b5 11. N2f3 Bb7 12. Qe2 e6 13. Bc2 Be7 14. Re1 Rc8 15. Ng5 0-0 16. Ngxe6 fxe6 17. Qxe6+ Rf7 18. Nf5 Ne5 19. Bb3 Kf8 20. Rxe5 Bd8 21. Qxd6+ Be7 22. Qe6 Bd8 23. Qxf7+ Qxf7 24. Bxf7 Bc7 25. Re3 Kxf7 26. b3 Nd5 27. Rd3 Re8 28. Ba3 Re6 29. Rad1 Nf6 30. Bd6 Bb6 31. Bb8 Be4 32. Nd6+ Kg6 33. Nxe4 Nxe4 34. Bg3 h5 35. Kf1 Kf6 36. f3 Nxg3# 0-1

[Event "Como Primavera op-A 2nd"]
[Site "Como"]
[Date "2006.05.26"]
[Round "6"]
[White "Grassetto, Gilberto"]
[Black "Trifoni, Giorgio"]
[Result "0-1"]
[WhiteElo "1760"]
[BlackElo "1673"]
[PlyCount "104"]
[EventDate "2006.04.21"]
[EventType "swiss"]
[EventRounds "7"]
[EventCountry "ITA"]
[SourceTitle "EXT 2024"]
[Source "ChessBase"]
[SourceDate "2023.10.10"]
[SourceVersion "1"]
[SourceVersionDate "2023.10.10"]
[SourceQuality "1"]

1. d4 Nf6 2. c4 c5 3. d5 b5 4. cxb5 a6 5. bxa6 Bxa6 6. Nc3 d6 7. g3 Nbd7 8. Bg2 g6 9. Nf3 Bg7 10. 0-0 0-0 11. h3 Nb6 12. Re1 Bb7 13. e4 Qd7 14. Qc2 Na4 15. Nxa4 Qxa4 16. b3 Qb5 17. Bb2 Ba6 18. e5 Nxd5 19. Ng5 Bb7 20. exd6 exd6 21. Bxg7 Kxg7 22. Red1 Nb4 23. Qb2+ Kg8 24. Rxd6 Bxg2 25. Kxg2 Nd3 26. Qc3 Nb4 27. a4 Qb7+ 28. Nf3 Qc7 29. Rad1 Rac8 30. Rd7 Qc6 31. Kh2 Qe4 32. Re1 Qf5 33. Ree7 Nd5 34. Rxd5 Qxd5 35. h4 Rb8 36. Re3 Rb7 37. Nd2 Rd8 38. Nc4 Qd4 39. Qc2 Rdb8 40. Qa2 Qd1 41. Nd2 c4 42. Nxc4 Rxb3 43. a5 Rb1 44. g4 Qxg4 45. Ne5 Qxh4+ 46. Kg2 Qh1+ 47. Kg3 Rg1+ 48. Kf4 Rb4+ 49. Nc4 Rxc4+ 50. Ke5 Rg5+ 51. Kf6 Rf4+ 52. Ke7 Qb7+ 0-1

[Event "Como Primavera op-A 2nd"]
[Site "Como"]
[Date "2006.05.12"]
[Round "4"]
[White "Liscio, Giovanni"]
[Black "Grassetto, Gilberto"]
[Result "1-0"]
[WhiteElo "2009"]
[BlackElo "1760"]
[PlyCount "107"]
[EventDate "2006.04.21"]
[EventType "swiss"]
[EventRounds "7"]
[EventCountry "ITA"]
[SourceTitle "EXT 2024"]
[Source "ChessBase"]
[SourceDate "2023.10.10"]
[SourceVersion "1"]
[SourceVersionDate "2023.10.10"]
[SourceQuality "1"]

1. d4 d5 2. Nf3 Nf6 3. e3 e6 4. c4 c6 5. Nc3 Nbd7 6. a3 Bd6 7. Be2 0-0 8. c5 Bc7 9. b4 e5 10. dxe5 Nxe5 11. Bb2 Qe7 12. 0-0 Nfg4 13. h3 h5 14. Qd2 Qf6 15. Nxe5 Nxe5 16. f4 Nc4 17. Bxc4 dxc4 18. Nd5 Qd8 19. Qd4 f6 20. Nxc7 Qxc7 21. Qxc4+ Kh8 22. e4 Bg4 23. e5 fxe5 24. Bxe5 Qd7 25. Bd6 Rf7 26. Rfe1 Re8 27. Qc3 Be6 28. Re5 Bd5 29. Rxh5+ Kg8 30. Re1 Rxe1+ 31. Qxe1 Rf5 32. Rh4 b6 33. Qe7 Qxe7 34. Bxe7 Bf7 35. Bd6 Rd5 36. Kf2 Rd3 37. f5 Rxa3 38. g3 b5 39. Rf4 a5 40. bxa5 Rxa5 41. g4 Ra3 42. h4 Rb3 43. Rf3 Rb2+ 44. Kg3 b4 45. Rf2 Rb1 46. Kf4 b3 47. g5 Rh1 48. Kg3 Bd5 49. Re2 Rg1+ 50. Kh3 Rh1+ 51. Kg4 Rg1+ 52. Kf4 Rh1 53. Re8+ Kf7 54. Rf8# 1-0

[Event "Como Province-ch"]
[Site "Como"]
[Date "2006.02.19"]
[Round "6"]
[White "Grassetto, Gilberto"]
[Black "Vulpis, Domenico"]
[Result "0-1"]
[WhiteElo "1760"]
[BlackElo "1897"]
[PlyCount "124"]
[EventDate "2006.02.11"]
[EventType "swiss"]
[EventRounds "6"]
[EventCountry "ITA"]
[SourceTitle "EXT 2024"]
[Source "ChessBase"]
[SourceDate "2023.10.10"]
[SourceVersion "1"]
[SourceVersionDate "2023.10.10"]
[SourceQuality "1"]

1. d4 Nf6 2. c4 c5 3. d5 b5 4. cxb5 a6 5. bxa6 Bxa6 6. Nc3 d6 7. g3 g6 8. Bg2 Bg7 9. Nf3 0-0 10. 0-0 Nbd7 11. Re1 Qa5 12. h3 Rfb8 13. Qc2 Ne8 14. Bd2 Qb6 15. b3 Ne5 16. Reb1 Bc8 17. Na4 Qc7 18. Bc3 Nxf3+ 19. Bxf3 Bd7 20. Bxg7 Nxg7 21. Nc3 Qc8 22. g4 f5 23. g5 f4 24. e4 Bxh3 25. Qe2 Qa6 26. Qxa6 Rxa6 27. Be2 Ra7 28. f3 Rb4 29. Kf2 Nh5 30. Bc4 Ng3 31. Rb2 Bd7 32. Re1 Ra3 33. e5 Rxc4 34. bxc4 Rxc3 35. exd6 exd6 36. Re7 Bf5 37. Rd2 Rc2 38. Rxc2 Bxc2 39. Re6 Nf5 40. Re8+ Kf7 41. Ra8 Bd3 42. Ra7+ Kg8 43. a4 Bxc4 44. a5 Bxd5 45. a6 c4 46. Rb7 c3 47. Rc7 Ne3 48. a7 c2 49. Ke2 Kf8 50. Kd2 Bxf3 51. Rd7 Bc6 52. Rxh7 f3 53. Rc7 Nc4+ 54. Kxc2 Be4+ 55. Kd1 Nb6 56. Ke1 Ke8 57. Kf2 Kd8 58. Rg7 Kc8 59. Re7 d5 60. Ke3 Na8 61. Kd4 f2 62. Rf7 Bf5 0-1

[Event "Como Province-ch"]
[Site "Mariano Comense"]
[Date "2005.03.05"]
[Round "1"]
[White "Gagliardi, Christian"]
[Black "Grassetto, Gilberto"]
[Result "1-0"]
[WhiteElo "2091"]
[BlackElo "1724"]
[PlyCount "63"]
[EventDate "2005.03.05"]
[EventType "swiss"]
[EventRounds "6"]
[EventCountry "ITA"]
[SourceTitle "EXT 2024"]
[Source "ChessBase"]
[SourceDate "2023.10.10"]
[SourceVersion "1"]
[SourceVersionDate "2023.10.10"]
[SourceQuality "1"]

1. e4 c5 2. Nf3 d6 3. d4 cxd4 4. Nxd4 Nf6 5. Nc3 a6 6. a4 e6 7. a5 Be7 8. Be3 0-0 9. Be2 Nbd7 10. 0-0 b5 11. axb6 Nxb6 12. Nc6 Qc7 13. Nxe7+ Kh8 14. Nxc8 Rfxc8 15. Bxa6 Rd8 16. Bb5 Rab8 17. Qe2 d5 18. exd5 Nbxd5 19. Nxd5 Rxd5 20. c4 Rdd8 21. Rfd1 h5 22. h3 Qe5 23. b3 g5 24. Qf3 g4 25. Qf4 Qxf4 26. Bxf4 Rxd1+ 27. Rxd1 Rg8 28. Be5 Kg7 29. hxg4 hxg4 30. c5 Kg6 31. c6 Kf5 32. Bxf6 1-0